Alle PDC Darts Turniersieger 2005 - Statistiken

Allgemein
  • Dieses Quiz wurde 30 mal gespielt
  • Das Durchschnittsergebnis liegt bei 27 aus 51
Antwortstatistiken
Turnier Land Dartsspieler % Korrekt
World Darts Championship England Phil Taylor
100%
Masters Of Darts England Phil Taylor
100%
Premier League England Phil Taylor
100%
UK Open England Phil Taylor
100%
Las Vegas Desert Classic England Phil Taylor
100%
Bobby Bourn Memorial Trophy England Phil Taylor
100%
Ireland Open Autumn Classic England Phil Taylor
100%
PDPA Players Championship Wales England Phil Taylor
100%
PDPA Players Championship Ireland England Phil Taylor
100%
World Grand Prix England Phil Taylor
100%
PDPA Players Championship Netherlands 1 England Phil Taylor
100%
PDPA Players Championship Netherlands 2 England Phil Taylor
100%
Castle Hill Australien Simon Whitlock
94%
West Tyrone Open England Colin Lloyd
76%
Vauxhall Spring Pro England Colin Lloyd
76%
PDPA Players Championship Isle Of Wight 2 England Colin Lloyd
76%
World Matchplay England Colin Lloyd
76%
Bob Anderson Classic England Colin Lloyd
76%
UK Open Irish Regional Final England Colin Lloyd
76%
Vauxhall Autumn Pro England Colin Lloyd
76%
Antwerb Open England Terry Jenkins
71%
Open Hotel Zwartewater England Terry Jenkins
71%
Sunparks Masters England Terry Jenkins
71%
PDPA Players Championship Scotland England Adrian Lewis
65%
UK Open Scottish Regional Final England Adrian Lewis
65%
Vauxhall Autumn Open England Peter Manley
65%
Eastbourne Pro England Ronnie Baxter
65%
PDPA Players Championship Isle Of Wight 1 England Ronnie Baxter
65%
UK Open South West Regional Final England Andy Smith
59%
Irish Masters England James Wade
59%
Le Skratch Montreal Open England Dennis Priestley
47%
Oceanic Masters Neuseeland Warren Parry
35%
PDC Eastbourne Open England Denis Ovens
24%
UK Open Southern Regional Final England Denis Ovens
24%
Vauxhall Spring Open England Chris Mason
18%
UK Open Welsh Regional Final England Mark Walsh
12%
Open Oust Nederland England Darren Webster
6%
Open Holland Niederlande Erwin Exercatte
6%
UK Open Midlands Regional Final England Jimmy Mann
6%
UK Open North West Regional Final England Alex Roy
0%
Sheppey Darts Classic England Andy Belton
0%
Oak Flats Sandwaves Open Australien Anthony Fleet
0%
West Leagues Australien Barry Jouannett Jnr.
0%
Nelson Bay Australien Brian Roach
0%
Wentworth Australien Brian Roach
0%
Warily Bowls Club Open Australien Brian Roach
0%
Mudgee Australien Brian Roach
0%
Windy City Open USA Darin Young
0%
Cobra Briggs Australien Sean Gibbs
0%
UK Open North East Regional Final England Steve Hine
0%
Puchbowl Open Australien Stuart Everson
0%
Keine übereinstimmenden Quizze gefunden
Verteilung der Resultate
Anzahl Personen mit jedem Resultat
Perzentil nach korrekt beantworteten Fragen
Ihre Resultats-Entwicklung
Sie haben dieses Quiz noch nicht gespielt